Hill resorts of India and Nepal : (Record no. 136135)

MARC details
000 -LEADER
fixed length control field 00652nam a22002177a 4500
005 - DATE AND TIME OF LATEST TRANSACTION
control field 20170124110255.0
010 ## - LIBRARY OF CONGRESS CONTROL NUMBER
LC control number 710993
020 ## - INTERNATIONAL STANDARD BOOK NUMBER
Terms of availability 20.00
035 ## - SYSTEM CONTROL NUMBER
System control number 710993
037 ## - SOURCE OF ACQUISITION
Source of stock number/acquisition Cen Lib/Ret
040 ## - CATALOGING SOURCE
Original cataloging agency DPL
Language of cataloging EN
082 ## - DEWEY DECIMAL CLASSIFICATION NUMBER
Classification number 915.4
Item number HIL
245 ## - TITLE STATEMENT
Title Hill resorts of India and Nepal :
Statement of responsibility, etc edited by A.C.Khanna...[et al.]
Remainder of title a travellers guide /
260 ## - PUBLICATION, DISTRIBUTION, ETC. (IMPRINT)
Place of publication, distribution, etc New Delhi
Name of publisher, distributor, etc Nest & Wings
Date of publication, distribution, etc 1972
270 ## - ADDRESS
Address F-5, Hauz Khas Enclave
City New Delhi
Postal code 110001
300 ## - PHYSICAL DESCRIPTION
Extent Various pages. :
Dimensions 20cm(Hb)
Other physical details ill.
650 ## - SUBJECT ADDED ENTRY--TOPICAL TERM
Topical term or geographic name as entry element Travel
9 (RLIN) 25007
650 ## - SUBJECT ADDED ENTRY--TOPICAL TERM
Topical term or geographic name as entry element Nepal
Geographic subdivision India
9 (RLIN) 30281
700 ## - ADDED ENTRY--PERSONAL NAME
Personal name Khanna, A.C.
9 (RLIN) 106494
942 ## - ADDED ENTRY ELEMENTS (KOHA)
Source of classification or shelving scheme Dewey Decimal Classification
Koha item type English Books
Classification part 915.4
Call number suffix HIL
Holdings
Withdrawn status Lost status Damaged status Not for loan Home library Current library Date acquired Source of acquisition Cost, normal purchase price Total Checkouts Full call number Barcode Date last seen Copy number Cost, replacement price Price effective from Koha item type Public note Source of classification or shelving scheme
Written off       Central Library Central Library 19/12/2015 Cen Lib/Ret 20.00   915.4 HIL 710993 19/12/2015 1 20.00 19/12/2015 English Books W/d List No. 8130/7; dtd 18.2.2017  
        Central Library Central Library 08/11/2016 Cen Lib/Ret 20.00   915.4 HIL 788855 08/11/2016 2 20.00 08/11/2016 English Books   Dewey Decimal Classification

© Delhi Public Library
Hit Counter
free hit counter